Bases of Yoga (Record no. 209386)

MARC details
000 -LEADER
fixed length control field 00581nam a22001817a 4500
005 - DATE AND TIME OF LATEST TRANSACTION
control field 20250219121120.0
010 ## - LCCN (DPL NO)
LC control number ENG-143879
020 ## - INTERNATIONAL STANDARD BOOK NUMBER
Terms of availability 65.00
International Standard Book Number 9789352102747
035 ## - SYSTEM CONTROL NUMBER
System control number EN-127411
037 ## - SOURCE OF ACQUISITION
Source of stock number/acquisition DBAD
082 ## - DEWEY DECIMAL CLASSIFICATION NUMBER
Classification number 181.499
Edition number 11
100 ## - MAIN ENTRY--PERSONAL NAME
Personal name Autobindo Sri
245 ## - TITLE STATEMENT
Title Bases of Yoga
Statement of responsibility, etc By Sri Autobindo
Remainder of title Bases of Yoga
Medium English
260 ## - PUBLICATION, DISTRIBUTION, ETC. (IMPRINT)
Place of publication, distribution, etc Pondicherry
Name of publisher, distributor, etc Sri Aurobindo Ashram Publication Department
Date of publication, distribution, etc 2023
270 ## - ADDRESS
City Pondicherry
Address Sri Aurobindo Ashram Trust
Postal code 605002
300 ## - PHYSICAL DESCRIPTION
Extent 114 pp
Dimensions 18cm(pbk)
942 ## - ADDED ENTRY ELEMENTS (KOHA)
Source of classification or shelving scheme Dewey Decimal Classification
Item type English Books
Classification part 181.499
Call number suffix AUT
Edition 11
Holdings
Withdrawn status Lost status Not for loan Collection code Home library Current library Date acquired Source of acquisition Cost, normal purchase price Full call number Barcode Cost, replacement price Koha item type
      Non-fiction Central Library Central Library 19/02/2025 DBAD 65.00 181.499 AUT EN-127411 65.00 English Books

© Delhi Public Library
Hit Counter
free hit counter